000 00404nam a2200181Ia 4500
008 210210b1959 xxu||||| |||| 00| 0 eng d
041 _aeng
082 _a331/127
100 _aKORTEWEG
245 _aTextbook of money
260 _aLondon
_bLongman Green & Co Ltd.,
_c1959
650 _aTextbook
650 _aof
650 _amoney
690 _aBanking
700 _aKEESING
906 _a004029
999 _c122463
_d122463